| 000 | 00953nam a2200289 i 4500 | ||
|---|---|---|---|
| 001 | 123602 | ||
| 003 | ES-MaACL | ||
| 005 | 20250802120645.0 | ||
| 007 | t| | ||
| 008 | 070214s1970 sp a |||| | spa d | ||
| 017 |
_aB 46248-1970 _bOficina Depósito Legal Barcelona |
||
| 020 | _a8426445004 | ||
| 040 | _cES-MaACL | ||
| 080 | _a860(82)-91"19" | ||
| 080 | _a74 Quino | ||
| 100 | 0 |
_aQuino, _d1932-2020 _9160885 _eaut |
|
| 245 | 1 | 0 |
_aMafalda : _btiras de Quino. |
| 260 |
_aBarcelona : _bLumen, _c1970. |
||
| 300 |
_a2 volúmenes : _bprincipalmente ilustraciones ; _c13 x 20 cm. |
||
| 505 | 8 | _aVol. 2 y 3 | |
| 655 | 7 |
_2tgfbne _aCómics _9226827 |
|
| 852 |
_aES-MaACL _cDEPO2 _jL-4749 _9128184 _xEncuadernación rústica |
||
| 852 |
_aES-MaACL _cDEPO2 _jL-4750 _9206443 _xEncuadernación rústica |
||
| 942 |
_cMONOGRAFIA _n0 |
||
| 999 |
_c123602 _d123602 |
||